<?xml version="1.0" encoding="UTF-8"?>
<record
    xmlns:xsi="http://www.w3.org/2001/XMLSchema-instance"
    xsi:schemaLocation="http://www.loc.gov/MARC21/slim http://www.loc.gov/standards/marcxml/schema/MARC21slim.xsd"
    xmlns="http://www.loc.gov/MARC21/slim">

  <leader>00566nam a22001817a 4500</leader>
  <controlfield tag="003">UA-OsUOA</controlfield>
  <controlfield tag="001"> 14853 </controlfield>
  <controlfield tag="007">ta</controlfield>
  <controlfield tag="008">20031021b un ||||| |||| 00| 0 ukr d</controlfield>
  <datafield tag="100" ind1=" " ind2=" ">
    <subfield code="a">&#x425;&#x430;&#x440;&#x432;&#x430;&#x442; &#x41E;.</subfield>
  </datafield>
  <datafield tag="942" ind1=" " ind2=" ">
    <subfield code="c">SA</subfield>
  </datafield>
  <datafield tag="040" ind1=" " ind2=" ">
    <subfield code="a">UA-OsUOA</subfield>
    <subfield code="c">UA-OsUOA</subfield>
    <subfield code="d">UA-OsUOA</subfield>
  </datafield>
  <datafield tag="245" ind1=" " ind2=" ">
    <subfield code="a">&#x420;&#x456;&#x432;&#x43D;&#x435;&#x43D;&#x441;&#x44C;&#x43A;&#x456; &#x430;&#x43B;&#x44C;&#x43F;&#x456;&#x43D;&#x456;&#x441;&#x442;&#x438; [&#x41E;.&#x425;&#x430;&#x440;&#x432;&#x430;&#x442; &#x442;&#x430; &#x410;.&#x413;&#x456;&#x436;&#x438;&#x440;&#x43E;&#x432;&#x430; &#x43F;&#x43E;&#x431;&#x443;&#x432;&#x430;&#x43B;&#x438; &#x43D;&#x430; &#x415;&#x43B;&#x44C;&#x431;&#x440;&#x443;&#x441;&#x456;]</subfield>
  </datafield>
  <datafield tag="300" ind1=" " ind2=" ">
    <subfield code="a">&#x421;.16</subfield>
  </datafield>
  <datafield tag="955" ind1=" " ind2=" ">
    <subfield code="a">0</subfield>
  </datafield>
  <datafield tag="773" ind1="0" ind2=" ">
    <subfield code="w">0</subfield>
    <subfield code="t">&#x420;&#x456;&#x432;&#x43D;&#x435; &#x432;&#x435;&#x447;&#x456;&#x440;&#x43D;&#x454;</subfield>
    <subfield code="d">&#x420;&#x456;&#x432;&#x43D;&#x435;</subfield>
    <subfield code="d">2003</subfield>
    <subfield code="g">&#x2116;66/12 &#x432;&#x435;&#x440;&#x435;&#x441;./</subfield>
  </datafield>
  <datafield tag="650" ind1=" " ind2="7">
    <subfield code="a">&#x410;&#x43B;&#x44C;&#x43F;&#x456;&#x43D;&#x456;&#x441;&#x442;&#x438;</subfield>
    <subfield code="2">UDC</subfield>
  </datafield>
  <datafield tag="999" ind1=" " ind2=" ">
    <subfield code="c">301017</subfield>
    <subfield code="d">301017</subfield>
  </datafield>
</record>
